Ben Bernanke v roli politika

Bernanke ako bankár, finančník a politik. Bernankeho inflačné cítenie.

Salvato in:
Dettagli Bibliografici
Autore principale: Kopřiva, Juraj, ml
Natura: Capitolo di libro
Lingua:slovacco
Soggetti:
Tags: Aggiungi Tag
Nessun Tag, puoi essere il primo ad aggiungerne!!

MARC

LEADER 00000naa$a2200000$$$4500
001 0041314
005 20231019083934.0
041 0 |a slo 
044 |a SK 
245 1 0 |a Ben Bernanke v roli politika  |c Juraj Kopřiva ml. 
520 |a Bernanke ako bankár, finančník a politik. Bernankeho inflačné cítenie. 
610 2 0 |a osobnosť 
610 2 0 |a životopisy 
610 2 0 |a manažéri 
610 2 0 |a politika 
610 2 0 |a ekonómia 
610 2 0 |a Barnanke, B. 
610 2 0 |a banky 
610 2 0 |a manažéri 
610 2 0 |a obchod 
610 2 0 |a trh finančný 
100 1 |a Kopřiva, Juraj, ml.